000 00381nam a2200169Ia 4500
100 _aAgrawal/D.P
650 _aWireless systems
250 _a2
942 _cBK
366 _f20
654 _awireless
245 _aIntroduction to wireless and mobile systems
260 _bThomson Learning
_aMumbai
_c2006
082 _a384.53/AGR
_bAGR
300 _a498
546 _aENGLISH
999 _c25470
_d25470